Scholar Rebels : (Record no. 81091)

MARC details
000 -LEADER
fixed length control field 00658nam a22001937a 4500
005 - DATE AND TIME OF LATEST TRANSACTION
control field 20140307121822.0
010 ## - LCCN (DPL NO)
LC control number ENG-108752
020 ## - INTERNATIONAL STANDARD BOOK NUMBER
Terms of availability 180.00
International Standard Book Number 9788180642470
035 ## - SYSTEM CONTROL NUMBER
System control number EN-92285
037 ## - SOURCE OF ACQUISITION
Source of stock number/acquisition DBAD/PUB
082 ## - DEWEY DECIMAL CLASSIFICATION NUMBER
Classification number 378.1981054
100 ## - MAIN ENTRY--PERSONAL NAME
Personal name Roy, Ranjit Kumar
245 ## - TITLE STATEMENT
Title Scholar Rebels :
Statement of responsibility, etc by Ranjit Kumar Roy
Remainder of title Gandhian nationalism and the emergence of student politics in Bengal - 1920-44 /
260 ## - PUBLICATION, DISTRIBUTION, ETC. (IMPRINT)
Place of publication, distribution, etc Kolkata
Name of publisher, distributor, etc Progressive Publishers
Date of publication, distribution, etc 2013
270 ## - ADDRESS
Address 37A, College Street
City Kolkata
Postal code 73
300 ## - PHYSICAL DESCRIPTION
Extent 195p.
Dimensions 22cm(Hb)
500 ## - GENERAL NOTE
General note Includes bibliographical references and Index
942 ## - ADDED ENTRY ELEMENTS (KOHA)
Source of classification or shelving scheme Dewey Decimal Classification
Item type English Books
Call number suffix ROY
Classification part 378.1981054
Holdings
Withdrawn status Lost status Not for loan Collection code Home library Current library Date acquired Source of acquisition Cost, normal purchase price Full call number Barcode Copy number Cost, replacement price Koha item type
    Not For Loan Non-fiction D.B.Act.Division D.B.Act.Division 06/12/2013 DBAD/PUB 180.00 378.1981054 ROY EN-92285 1 180.00 English Books

© Delhi Public Library
Hit Counter
free hit counter